| 000 | 03368 #a2200337 #4500 | ||
|---|---|---|---|
| 005 | 20230703181556.0 | ||
| 008 | 230703b ||||| |||| 00| 0 spa d | ||
| 020 | _a978-987-1891-01-6 (versión impresa) | ||
| 082 |
_214 _a331.1 |
||
| 100 | 1 |
_917298 _aSoul, María Julia |
|
| 245 | 1 | 0 |
_aEl mundo del trabajo en América Latina : _btendencias y resistencias / _cMaría Julia Soul y otros |
| 260 |
_aBuenos Aires : _bCICCUS, _c2012 |
||
| 300 | _a384 p. | ||
| 440 |
_92253 _aColección Becas de Investigación |
||
| 505 |
_tNuevas tendencias en el mundo del trabajo: las huellas de más de una década de reformas estructurales. _tPRIMERA PARTE ESTRATEGIAS SINDICALES y RESISTENCIAS COLECTIVAS. Transformaciones de las estrategias sindicales en contextos de Reconversión Productiva. Un estudio de caso en la Industria Siderúrgica. _tRelações de trabalho em uma ‘fábrica enxuta’: O caso da PSA Peugeot Citroën no Brasil. _tDe mineros a indígenas Cambios en la relación minería-comunidad, la organización social y la revaloración étnica en Angaraes- Huancavelica. _tRecuperando el trabajo en economías dependientes: Uruguay, un modelo de desarrollo por armar. _tSEGUNDA PARTE. NUEVOS SUJETOS LABORAlES y NUEVAS SUBJETIVIDADES. Trayectorias y representación social del trabajo en Chile. Autonomía y subordinación en trabajos independientes atípicos. _tMercadores ambulantes das praias do Rio de Janeiro: Subjetividades e economia política. _tTERCERA PARTE. LAS FORMAS DE INTERVENCION ESTATAL. Activos y estructura de oportunidades. Jóvenes y mujeres: Las desventuras de las estrategias de inserción laboral de los grupos vulnerables en el Uruguay. _t¿Por qué los gobiernos de izquierda no apuestan a políticas universales de empleo e ingresos? Una revisión normativa y empírica de las experiencias de Argentina, Chile, Brasil y Uruguay. |
||
| 520 | _aLa convocatoria que dio origen a este libro buscó promover investigaciones que abordasen desde una perspectiva crítica las profundas transformaciones ocurridas en el mundo del trabajo y del empleo en los países de América Latina y el Caribe, y sus impactos sociales, políticos y culturales. Las investigaciones que aquí se presentan muestran las principales preocupaciones que sobre la temática motivaron el interés de jóvenes investigadores del Cono Sur, concretamente de Argentina, Brasil, Chile, Perú y Uruguay. Desde diversos enfoques y metodologías, los autores discuten teóricamente y aportan evidencia empírica sobre las transformaciones en el mundo del trabajo a partir de tres bloques temáticos: Estrategias sindicales y resistencias colectivas, Nuevos sujetos laborales y nuevas subjetividades y Las formas de intervención estatal. | ||
| 650 | _aTRABAJO | ||
| 650 | _aSOCIOLOGIA DEL TRABAJO | ||
| 650 | _aRELACIONES LABORALES | ||
| 651 | 7 |
_aAMERICA LATINA _2unescot _9735 |
|
| 700 | 1 |
_917299 _aDávolos, Patricia _eprolog. |
|
| 700 | 1 |
_917300 _aPolessa Maçaira, Julia |
|
| 700 | 1 |
_917301 _aDurand Guevara, Anahí |
|
| 700 | 1 |
_917302 _aRieiro, Anabel |
|
| 700 | 1 |
_917303 _aChamorro Ríos, Catalina Alejandra |
|
| 700 | 1 |
_917304 _aNeves Bezerra, Gustavo Antonio das |
|
| 700 | 1 |
_917305 _aBarrera, Verónica |
|
| 700 | 1 |
_917306 _aPérez Muñoz, Cristian |
|
| 942 |
_2ddc _cLIBRO |
||
| 980 |
_619226 _a Palazón Marcela I. _819226 _g Palazón Marcela I. |
||
| 999 |
_c8842 _d8842 |
||